000 00799cam a2200217 4500500
005 20260222003223.0
041 _afre
042 _adc
100 1 0 _aBeaumatin, Ania
_eauthor
245 0 0 _aDe la bêtise à la connerie...
260 _c2008.
500 _a34
520 _aRésuméCe billet publié dans l’hebdomadaire du laboratoire Personnalisation et changements sociaux évoque, brièvement et avec humour, le travail de R. Zazzo à propos de l’intelligence et la mise en question de ce concept.
690 _abêtise
690 _aconnerie
690 _ahumour
690 _aintelligence
690 _aZazzo
786 0 _nEmpan | 69 | 1 | 2008-05-19 | p. 163-165 | 1152-3336
856 4 1 _uhttps://shs.cairn.info/revue-empan-2008-1-page-163?lang=fr&redirect-ssocas=7080
999 _c1667229
_d1667229